[Event "Titled Tuesday intern op 10th Aug"]
[Site "Chess.com INT"]
[Date "2021.08.10"]
[Round "6"]
[White "Gunduz, Umut Erdem"]
[Black "Shevelev, Danny"]
[Result "1-0"]
[WhiteElo "2185"]
[BlackElo "2255"]
[PlyCount "77"]
[EventDate "2021.08.10"]
[EventType "swiss (blitz)"]
[EventRounds "11"]
[EventCountry "USA"]
[SourceTitle "CBM 203 Extra"]
[Source "ChessBase"]
[SourceDate "2021.09.30"]
[SourceVersion "1"]
[SourceVersionDate "2021.09.30"]
[SourceQuality "1"]

1. e4 g6 2. d4 Bg7 3. Nc3 d5 4. Nxd5 e6 5. Nc3 Qxd4 6. Be3 Qxd1+ 7. Rxd1 a6 8. Bf4 c5 9. Na4 Nd7 10. Bd6 b5 11. Nxc5 Nxc5 12. Bxc5 Bxb2 13. Ne2 Bb7 14. c3 Bxe4 15. f3 Bd5 16. Rb1 Rc8 17. Bd4 e5 18. Bxe5 f6 19. Bd4 Ba3 20. Nf4 Bf7 21. Bd3 Bd6 22. Ne2 Be5 23. 0-0 Ne7 24. a4 bxa4 25. Bxa6 Ra8 26. Bb5+ Kf8 27. Bc5 a3 28. f4 Bc7 29. Nd4 a2 30. Rbe1 Bd8 31. Nc6 a1Q 32. Rxa1 Rxa1 33. Rxa1 Be8 34. Nxd8 Bxb5 35. Re1 Ke8 36. Bxe7 Kd7 37. Bxf6 Rxd8 38. Rd1+ Ke6 39. Bxd8 1-0

[Event "Titled Tuesday intern op 10th Aug"]
[Site "Chess.com INT"]
[Date "2021.08.10"]
[Round "5"]
[White "Shevelev, Danny"]
[Black "Fawzy, Adham"]
[Result "0-1"]
[WhiteElo "2255"]
[BlackElo "2485"]
[PlyCount "54"]
[EventDate "2021.08.10"]
[EventType "swiss (blitz)"]
[EventRounds "11"]
[EventCountry "USA"]
[SourceTitle "CBM 203 Extra"]
[Source "ChessBase"]
[SourceDate "2021.09.30"]
[SourceVersion "1"]
[SourceVersionDate "2021.09.30"]
[SourceQuality "1"]

1. d4 Nf6 2. Nf3 e6 3. Nc3 d5 4. Bg5 Nbd7 5. e4 dxe4 6. Nxe4 Be7 7. Bxf6 Nxf6 8. Bd3 0-0 9. c3 b6 10. Qc2 g6 11. 0-0-0 Bb7 12. Neg5 Kg7 13. h4 Nh5 14. Be4 Bd5 15. c4 Bxe4 16. Qxe4 Qd6 17. g3 Rad8 18. Rhe1 Bf6 19. Ne5 c5 20. g4 Bxg5+ 21. hxg5 f6 22. gxh5 fxe5 23. dxe5 Qe7 24. f4 gxh5 25. Rh1 Qf7 26. Rxd8 Rxd8 27. Rd1 Rf8 0-1

[Event "Budapest FS08 IM"]
[Site "Budapest"]
[Date "2021.08.09"]
[Round "3"]
[White "Avinash, Ramesh"]
[Black "Shevelev, Danny"]
[Result "1-0"]
[WhiteElo "2201"]
[BlackElo "2255"]
[PlyCount "55"]
[EventDate "2021.08.07"]
[EventType "swiss"]
[EventRounds "10"]
[EventCountry "HUN"]
[SourceTitle "EXT 2022"]
[Source "ChessBase"]
[SourceDate "2021.10.06"]
[SourceVersion "1"]
[SourceVersionDate "2021.10.06"]
[SourceQuality "1"]

1. e4 g6 2. d4 Bg7 3. Nc3 c6 4. Bf4 d5 5. e5 f6 6. Qd2 fxe5 7. dxe5 Qc7 8. Nf3 Bg4 9. 0-0-0 Bxf3 10. gxf3 g5 11. Bg3 h5 12. h4 g4 13. fxg4 hxg4 14. Bd3 Bh6 15. Bf4 Nd7 16. Bg6+ Kd8 17. Bxh6 Nxh6 18. Nxd5 cxd5 19. Qxd5 Kc8 20. Qe6 Rd8 21. Rhe1 Qc6 22. Qxe7 Qxg6 23. e6 Nf5 24. exd7+ Kc7 25. Qc5+ Qc6 26. Qxf5 Rxd7 27. Rxd7+ Qxd7 28. Qc5+ 1-0

[Event "Titled Tuesday intern op 20th July"]
[Site "Chess.com INT"]
[Date "2021.07.20"]
[Round "6"]
[White "Boskovic, Drasko"]
[Black "Shevelev, Danny"]
[Result "1/2-1/2"]
[WhiteElo "2451"]
[BlackElo "2255"]
[PlyCount "146"]
[EventDate "2021.07.20"]
[EventType "swiss (blitz)"]
[EventRounds "11"]
[EventCountry "USA"]
[SourceTitle "CBM 203 Extra"]
[Source "ChessBase"]
[SourceDate "2021.09.30"]
[SourceVersion "1"]
[SourceVersionDate "2021.09.30"]
[SourceQuality "1"]

1. d4 g6 2. e4 Bg7 3. Nc3 c6 4. Nf3 d5 5. h3 dxe4 6. Nxe4 Nf6 7. Nxf6+ exf6 8. Be2 0-0 9. 0-0 Nd7 10. Be3 Nb6 11. c4 Be6 12. b3 Re8 13. Qd2 Qd7 14. Rad1 Rad8 15. Rfe1 Nc8 16. Qa5 a6 17. Bf1 Ne7 18. Bf4 g5 19. Bc1 h5 20. Bb2 Ng6 21. d5 cxd5 22. cxd5 Bf5 23. Rxe8+ Rxe8 24. d6 g4 25. Nd4 Be4 26. Qc7 Rd8 27. Qxd7 Rxd7 28. Ba3 f5 29. Bc4 f4 30. hxg4 hxg4 31. Bc5 Be5 32. Kf1 Nh4 33. f3 gxf3 34. gxf3 Nxf3 35. Nxf3 Bxf3 36. Re1 Bxd6 37. Re8+ Kg7 38. Bd4+ f6 39. Rg8+ Kh7 40. Bxf6 Bc5 41. Rh8+ Kg6 42. Bd4 Bxd4 43. Bd3+ Kf6 44. Rf8+ Ke5 45. Rf5+ Ke6 46. Rxf4 Bd5 47. Rf5 Kd6 48. Ke2 Re7+ 49. Kd1 Be6 50. Rf4 Bc5 51. Rh4 b6 52. b4 a5 53. bxc5+ Kxc5 54. Rh5+ Kd6 55. Rh6 Kc7 56. a3 Bb3+ 57. Kd2 Rd7 58. Kc3 Ba4 59. Bf5 Rd6 60. Rh7+ Kc6 61. Be4+ Kc5 62. Rc7+ Bc6 63. a4 b5 64. axb5 Kxb5 65. Bxc6+ Rxc6+ 66. Rxc6 Kxc6 67. Kb3 Kb6 68. Ka3 Kb5 69. Kb3 a4+ 70. Ka2 Kb4 71. Ka1 a3 72. Kb1 Kb3 73. Ka1 a2 1/2-1/2

[Event "Titled Tuesday intern op 20th July"]
[Site "Chess.com INT"]
[Date "2021.07.20"]
[Round "9"]
[White "Melikhov, Evgeny V"]
[Black "Shevelev, Danny"]
[Result "1-0"]
[WhiteElo "2292"]
[BlackElo "2255"]
[PlyCount "117"]
[EventDate "2021.07.20"]
[EventType "swiss (blitz)"]
[EventRounds "11"]
[EventCountry "USA"]
[SourceTitle "CBM 203 Extra"]
[Source "ChessBase"]
[SourceDate "2021.09.30"]
[SourceVersion "1"]
[SourceVersionDate "2021.09.30"]
[SourceQuality "1"]

1. d4 g6 2. c4 Bg7 3. Nc3 c5 4. d5 Nf6 5. e4 d6 6. h3 0-0 7. Nf3 b5 8. cxb5 a6 9. b6 Qxb6 10. a4 Re8 11. a5 Qb4 12. Ra4 Qb7 13. Be2 Bd7 14. Ra3 Bb5 15. 0-0 Nbd7 16. Re1 Reb8 17. Nd2 Ne8 18. Rb3 Qc7 19. Nxb5 axb5 20. Rxb5 Rxa5 21. Rxb8 Qxb8 22. Qb3 Ra1 23. Qxb8 Nxb8 24. Nb3 Ra7 25. Bd2 Rb7 26. Bc4 Bxb2 27. Na5 Ra7 28. Rb1 Nd7 29. Rxb2 Ne5 30. Be2 f5 31. exf5 gxf5 32. Rb7 Rxb7 33. Nxb7 Nf6 34. f4 Ng6 35. g3 Nxd5 36. Bc4 e6 37. Nxd6 Nge7 38. Ba5 Kg7 39. Bd8 Ne3 40. Bxe6 Nc6 41. Bb6 Nd4 42. Bxc5 Nxe6 43. Bxe3 h5 44. Kg2 Kf6 45. Kf3 Ng7 46. Bd4+ Kg6 47. Bxg7 Kxg7 48. Nxf5+ Kf6 49. g4 h4 50. Ke4 Kf7 51. g5 Kg6 52. Nxh4+ Kh5 53. Nf3 Kg6 54. f5+ Kh5 55. f6 Kg6 56. Ke5 Kh5 57. f7 Kg6 58. f8Q Kh5 59. Qh6# 1-0

[Event "Titled Tuesday intern op 20th July"]
[Site "Chess.com INT"]
[Date "2021.07.20"]
[Round "7"]
[White "Shevelev, Danny"]
[Black "Mikhnenko, Alexander"]
[Result "1-0"]
[WhiteElo "2255"]
[BlackElo "2065"]
[PlyCount "147"]
[EventDate "2021.07.20"]
[EventType "swiss (blitz)"]
[EventRounds "11"]
[EventCountry "USA"]
[SourceTitle "CBM 203 Extra"]
[Source "ChessBase"]
[SourceDate "2021.09.30"]
[SourceVersion "1"]
[SourceVersionDate "2021.09.30"]
[SourceQuality "1"]

1. d4 Nf6 2. Nf3 e6 3. Nc3 d5 4. Bg5 Be7 5. Bxf6 Bxf6 6. e4 dxe4 7. Nxe4 b6 8. Bd3 Bb7 9. c3 0-0 10. Qc2 h6 11. 0-0-0 Nd7 12. h4 a5 13. g4 Be7 14. Rh3 a4 15. a3 b5 16. Kb1 Bd5 17. Neg5 Bb3 18. Bh7+ Kh8 19. Qd3 Bxd1 20. Bg8 Nf6 21. Nxf7+ Rxf7 22. Bxf7 Bxf3 23. Qxf3 Qd5 24. g5 Ne4 25. Ka1 Nd2 26. Qxd5 exd5 27. Bxd5 Rf8 28. gxh6 gxh6 29. f3 Nb3+ 30. Ka2 Nc1+ 31. Kb1 Nd3 32. Bc6 Nf4 33. Rg3 Bxh4 34. Rg4 Bg5 35. Bxb5 Rb8 36. Bxa4 Ne2 37. Kc2 Bc1 38. b3 Bg5 39. Bc6 Nf4 40. a4 Kg7 41. a5 Kf6 42. a6 h5 43. Rg1 h4 44. a7 Rd8 45. a8Q Rxa8 46. Bxa8 h3 47. Rh1 Bh4 48. Bb7 Bg3 49. Bc8 h2 50. b4 Ne2 51. Kd3 Nf4+ 52. Ke4 Ne2 53. f4 Nxc3+ 54. Kf3 Ne2 55. Kxe2 Bxf4 56. Kf3 Bd6 57. Bb7 Ke7 58. b5 Kd7 59. Bc6+ Kc8 60. d5 Kb8 61. Kg2 Ka7 62. Rxh2 Bxh2 63. Kxh2 Kb6 64. Kg3 Kc5 65. Kg4 Kd6 66. Kf5 Kc5 67. Ke6 Kb6 68. Kd7 Ka7 69. d6 cxd6 70. Kc7 d5 71. b6+ Ka6 72. b7 d4 73. b8Q d3 74. Qb6# 1-0

[Event "Titled Tuesday intern op 20th July"]
[Site "Chess.com INT"]
[Date "2021.07.20"]
[Round "2"]
[White "Shevelev, Danny"]
[Black "Onyshchuk, Volodymyr"]
[Result "0-1"]
[WhiteElo "2255"]
[BlackElo "2622"]
[PlyCount "54"]
[EventDate "2021.07.20"]
[EventType "swiss (blitz)"]
[EventRounds "11"]
[EventCountry "USA"]
[SourceTitle "CBM 203 Extra"]
[Source "ChessBase"]
[SourceDate "2021.09.30"]
[SourceVersion "1"]
[SourceVersionDate "2021.09.30"]
[SourceQuality "1"]

1. d4 d6 2. Nf3 g6 3. Nc3 Bg7 4. e4 Nf6 5. Be3 c6 6. Qd2 Qa5 7. Bd3 h6 8. h3 Nbd7 9. 0-0-0 e5 10. g4 b5 11. Kb1 b4 12. Ne2 Bb7 13. g5 hxg5 14. Nxg5 Rf8 15. f4 0-0-0 16. a3 c5 17. dxe5 dxe5 18. Bc4 Nb6 19. axb4 Rxd2 20. bxa5 Rxd1+ 21. Rxd1 Nxc4 22. Bxc5 Re8 23. Nxf7 Nxe4 24. b3 Nxc5 25. bxc4 Ne4 26. fxe5 Bxe5 27. Re1 Nd2+ 0-1

[Event "Titled Tuesday intern op 20th July"]
[Site "Chess.com INT"]
[Date "2021.07.20"]
[Round "10"]
[White "Shevelev, Danny"]
[Black "Sinitsina, Anastassia"]
[Result "1-0"]
[WhiteElo "2255"]
[BlackElo "2127"]
[PlyCount "57"]
[EventDate "2021.07.20"]
[EventType "swiss (blitz)"]
[EventRounds "11"]
[EventCountry "USA"]
[SourceTitle "CBM 203 Extra"]
[Source "ChessBase"]
[SourceDate "2021.09.30"]
[SourceVersion "1"]
[SourceVersionDate "2021.09.30"]
[SourceQuality "1"]

1. d4 Nf6 2. Nf3 g6 3. Nc3 Bg7 4. e4 d6 5. Be3 0-0 6. Qd2 Re8 7. Bh6 Bh8 8. h4 c5 9. 0-0-0 cxd4 10. Nxd4 Nc6 11. Nb3 Na5 12. f3 Nxb3+ 13. axb3 Qa5 14. Kb1 Be6 15. g4 Rec8 16. h5 b5 17. Nd5 Qd8 18. hxg6 hxg6 19. Bxb5 Bxd5 20. exd5 Rab8 21. Ba6 Rc5 22. Qh2 Nxd5 23. Be3 Be5 24. Qh7+ Kf8 25. Bxc5 dxc5 26. c4 Rxb3 27. Qh8+ Bxh8 28. Rxh8+ Kg7 29. Rxd8 1-0

[Event "Titled Tuesday intern op 13th July"]
[Site "Chess.com INT"]
[Date "2021.07.13"]
[Round "3"]
[White "David, Alexandru Vasile"]
[Black "Shevelev, Danny"]
[Result "1-0"]
[WhiteElo "2428"]
[BlackElo "2255"]
[PlyCount "59"]
[EventDate "2021.07.13"]
[EventType "swiss (blitz)"]
[EventRounds "11"]
[EventCountry "USA"]
[SourceTitle "CBM 203 Extra"]
[Source "ChessBase"]
[SourceDate "2021.09.30"]
[SourceVersion "1"]
[SourceVersionDate "2021.09.30"]
[SourceQuality "1"]

1. d4 Nf6 2. c4 c5 3. d5 b5 4. Qc2 d6 5. e4 g6 6. cxb5 Bg7 7. Nc3 0-0 8. Nf3 a6 9. a4 Qa5 10. Ra3 Bd7 11. Bd2 Qc7 12. Be2 e6 13. 0-0 exd5 14. exd5 Re8 15. h3 Bf5 16. Bd3 Bxd3 17. Qxd3 Nbd7 18. Bf4 Nh5 19. Bh2 Ne5 20. Nxe5 Bxe5 21. Bxe5 Rxe5 22. bxa6 Qa5 23. Rb3 Qxa6 24. Rb5 Qc8 25. a5 Qd8 26. Ra1 Nf4 27. Qf3 Qg5 28. a6 Kg7 29. Rb7 Nxd5 30. Qxf7+ 1-0

[Event "Titled Tuesday intern op 13th July"]
[Site "Chess.com INT"]
[Date "2021.07.13"]
[Round "7"]
[White "Salazar Cabezas, Alberto Javier"]
[Black "Shevelev, Danny"]
[Result "0-1"]
[WhiteElo "2124"]
[BlackElo "2255"]
[PlyCount "78"]
[EventDate "2021.07.13"]
[EventType "swiss (blitz)"]
[EventRounds "11"]
[EventCountry "USA"]
[SourceTitle "CBM 203 Extra"]
[Source "ChessBase"]
[SourceDate "2021.09.30"]
[SourceVersion "1"]
[SourceVersionDate "2021.09.30"]
[SourceQuality "1"]

1. Nf3 g6 2. e4 Bg7 3. d4 c6 4. Bc4 d5 5. exd5 cxd5 6. Bb3 Nf6 7. h3 0-0 8. 0-0 Nc6 9. c3 Bf5 10. Re1 Na5 11. Nbd2 e6 12. Nf1 Be4 13. Ng3 Bxf3 14. Qxf3 Nxb3 15. axb3 Nd7 16. Bf4 Qf6 17. Qe3 Qe7 18. Bg5 Qd6 19. Bf4 Qb6 20. b4 a5 21. bxa5 Rxa5 22. Rxa5 Qxa5 23. Bd6 Ra8 24. Qg5 Qb5 25. Ba3 Nb6 26. Bb4 h6 27. Qe7 Nc4 28. b3 Nd2 29. Re3 Bf8 30. Qh4 Ra1+ 31. Kh2 Bxb4 32. cxb4 Qxb4 33. Qxh6 Qd6 34. f4 b5 35. Rc3 Ra8 36. f5 Nf1+ 37. Kg1 Nxg3 38. Rxg3 Qxg3 39. f6 Ra1+ 0-1

[Event "Titled Tuesday intern op 06th July"]
[Site "Chess.com INT"]
[Date "2021.07.06"]
[Round "9"]
[White "Shevelev, Danny"]
[Black "Vakhlamov, Igor L"]
[Result "1/2-1/2"]
[WhiteElo "2255"]
[BlackElo "2413"]
[PlyCount "178"]
[EventDate "2021.07.06"]
[EventType "swiss (blitz)"]
[EventRounds "11"]
[EventCountry "USA"]
[SourceTitle "EXT 2022"]
[Source "ChessBase"]
[SourceDate "2021.10.06"]
[SourceVersion "1"]
[SourceVersionDate "2021.10.06"]
[SourceQuality "1"]

1. d4 d5 2. Nf3 Nf6 3. Nc3 Bf5 4. Bg5 e6 5. e3 h6 6. Bxf6 Qxf6 7. Bd3 Bb4 8. Qd2 0-0 9. a3 Bd6 10. Nb5 Nc6 11. c4 dxc4 12. Bxc4 Be4 13. Be2 e5 14. dxe5 Nxe5 15. Nxd6 Bxf3 16. gxf3 Nxf3+ 17. Bxf3 Qxf3 18. Rg1 cxd6 19. Qxd6 Kh8 20. Qg3 Qf6 21. 0-0-0 Rac8+ 22. Kb1 g6 23. Rd4 Qf5+ 24. e4 Qc5 25. Rgd1 Kg8 26. Qd3 Rfe8 27. f3 a5 28. h4 h5 29. Rd5 Qc7 30. Qe3 Qg3 31. Qh6 Qxh4 32. Rg5 Re6 33. Rdg1 Rcc6 34. Rxh5 Qf6 35. Qh7+ Kf8 36. Qh8+ Qxh8 37. Rxh8+ Kg7 38. Rb8 Rc7 39. Rd1 Re5 40. Rd3 f5 41. Rdd8 fxe4 42. fxe4 Rxe4 43. Rg8+ Kf6 44. Rbf8+ Kg5 45. Rd8 Rc5 46. Rd6 a4 47. Rdxg6+ Kf4 48. Rg4+ Ke3 49. Rxe4+ Kxe4 50. Rg4+ Kd5 51. Rxa4 Kc6 52. Rb4 Rh5 53. Ka2 b5 54. Rb3 Rh4 55. Rc3+ Kb6 56. Kb3 Ka5 57. Rg3 Rf4 58. Rg5 Rf3+ 59. Ka2 Rh3 60. Rg8 Kb6 61. Ra8 Kb7 62. Rg8 Kb6 63. Rg5 Rf3 64. Rg6+ Kc5 65. Rg2 Rh3 66. Rc2+ Kb6 67. Rc3 Rh4 68. Kb3 Rg4 69. Rf3 Rh4 70. Rd3 Kc5 71. Kc3 Rc4+ 72. Kb3 Rh4 73. Rd2 Rh3+ 74. Kc2 Rh4 75. Rd3 Rh2+ 76. Kb1 Rh4 77. Rd8 Rh3 78. Rc8+ Kb6 79. Ra8 Kc5 80. a4 Kb4 81. axb5 Kxb5 82. Ka2 Rg3 83. Rb8+ Ka4 84. Ra8+ Kb4 85. Ra3 Rg2 86. Rb3+ Ka4 87. Ra3+ Kb4 88. Rc3 Ka4 89. Ra3+ Kb4 1/2-1/2

[Event "Titled Tuesday intern op 06th July"]
[Site "Chess.com INT"]
[Date "2021.07.06"]
[Round "6"]
[White "Shevelev, Danny"]
[Black "Zanette, Edgard Vinicius"]
[Result "1-0"]
[WhiteElo "2255"]
[BlackElo "2157"]
[PlyCount "62"]
[EventDate "2021.07.06"]
[EventType "swiss (blitz)"]
[EventRounds "11"]
[EventCountry "USA"]
[SourceTitle "EXT 2022"]
[Source "ChessBase"]
[SourceDate "2021.10.06"]
[SourceVersion "1"]
[SourceVersionDate "2021.10.06"]
[SourceQuality "1"]

1. d4 d5 2. Nf3 c6 3. Nc3 e6 4. Bg5 Be7 5. Bxe7 Qxe7 6. e4 dxe4 7. Nxe4 Nf6 8. Bd3 Nxe4 9. Bxe4 Qb4+ 10. Qd2 Qxd2+ 11. Kxd2 Nd7 12. Rhe1 Nf6 13. c4 Nxe4+ 14. Rxe4 0-0 15. Kc3 f6 16. Rae1 Bd7 17. Nd2 b6 18. f4 Rfe8 19. a3 Kf7 20. R4e3 Rad8 21. Ne4 Bc8 22. c5 Ke7 23. Nd6 Rxd6 24. cxd6+ Kxd6 25. Rh3 h6 26. Rg3 Re7 27. Ree3 f5 28. Rg6 a5 29. Reg3 Kd5 30. Rxg7 Rxg7 31. Rxg7 Ke4 1-0

[Event "Andorra op 35th"]
[Site "Escaldes"]
[Date "2017.07.28"]
[Round "7"]
[White "Dvirnyy, Danyyil"]
[Black "Shevelev, Danny"]
[Result "1-0"]
[WhiteElo "2558"]
[BlackElo "2283"]
[PlyCount "63"]
[EventDate "2017.07.22"]
[EventType "swiss"]
[EventRounds "9"]
[EventCountry "AND"]
[SourceTitle "CBM 179 Extra"]
[Source "ChessBase"]
[SourceDate "2017.08.23"]
[SourceVersion "1"]
[SourceVersionDate "2017.08.23"]
[SourceQuality "1"]

1. e4 c6 2. d4 d5 3. e5 Bf5 4. h4 h5 5. Bd3 Bxd3 6. Qxd3 e6 7. Bg5 Qa5+ 8. Nd2 Qa6 9. c4 Bb4 10. b3 c5 11. Ngf3 Nc6 12. dxc5 dxc4 13. bxc4 Nge7 14. 0-0 Bxd2 15. Qxd2 Qxc4 16. Bxe7 Nxe7 17. Rab1 Nd5 18. Rxb7 0-0 19. Qg5 Qxc5 20. Rc1 Qa3 21. Nd4 Rfb8 22. Nxe6 Qxc1+ 23. Qxc1 Rxb7 24. Qc6 Rb1+ 25. Kh2 Nb6 26. Ng5 Re1 27. Qf3 Rxe5 28. Qxf7+ Kh8 29. Qxh5+ Kg8 30. Qh7+ Kf8 31. Qh8+ Ke7 32. Qxg7+ 1-0

[Event "Foxwoods op 06th"]
[Site "Connecticut"]
[Date "2004.04.09"]
[Round "5"]
[White "Shevelev, Danny"]
[Black "Sharavdorj, Dashzeveg"]
[Result "0-1"]
[WhiteElo "2310"]
[BlackElo "2444"]
[PlyCount "64"]
[EventDate "2004.04.07"]
[EventType "swiss"]
[EventRounds "9"]
[EventCountry "USA"]
[SourceTitle "CBM 099 Extra"]
[Source "ChessBase"]
[SourceDate "2004.05.04"]
[SourceVersion "1"]
[SourceVersionDate "2004.05.04"]
[SourceQuality "1"]

1. e4 e6 2. d4 d5 3. Nd2 c5 4. exd5 exd5 5. Bb5+ Bd7 6. Qe2+ Be7 7. dxc5 Nf6 8. Nb3 0-0 9. Be3 Re8 10. Nf3 a6 11. Bxd7 Nbxd7 12. 0-0 Nxc5 13. Nfd4 Na4 14. c3 Qd7 15. Qc2 g6 16. Nf3 b5 17. Bd4 Ne4 18. Rad1 Bd6 19. Nc1 Rac8 20. Nd3 Qf5 21. Qb3 Rc4 22. Rde1 Re6 23. Qd1 Rc8 24. Re3 Rce8 25. Qc1 Nexc3 26. bxc3 Rxe3 27. fxe3 Qxd3 28. Ng5 f5 29. Qe1 Be7 30. Qg3 Bxg5 31. Qxg5 Nxc3 32. Re1 Qxd4 0-1

[Event "Ramat Aviv 5th"]
[Site "Ramat Aviv"]
[Date "2003.01.05"]
[Round "10"]
[White "Rapoport, Igor"]
[Black "Shevelev, Danny"]
[Result "1/2-1/2"]
[WhiteElo "2301"]
[BlackElo "2323"]
[PlyCount "60"]
[EventDate "2002.12.24"]
[EventType "tourn"]
[EventRounds "11"]
[EventCountry "ISR"]
[EventCategory "2"]
[SourceTitle "EXT 2004"]
[Source "ChessBase"]
[SourceDate "2003.11.25"]
[SourceVersion "1"]
[SourceVersionDate "2003.11.25"]
[SourceQuality "1"]

1. d4 Nf6 2. c4 g6 3. Nc3 d5 4. Bf4 Bg7 5. e3 c5 6. dxc5 Qa5 7. Qa4+ Qxa4 8. Nxa4 Na6 9. Nf3 Bd7 10. Nc3 dxc4 11. Bxc4 Nxc5 12. 0-0 0-0 13. Rac1 Rac8 14. Rfd1 Be6 15. Bxe6 Nxe6 16. Be5 Rfd8 17. Kf1 a6 18. Ke2 b5 19. Rxd8+ Rxd8 20. b4 Rc8 21. Rd1 h6 22. a3 Kf8 23. Rd2 Rd8 24. Rxd8+ Nxd8 25. Nd4 Nd7 26. Bxg7+ Kxg7 27. Nb3 Nc6 28. Nd5 Nde5 29. Nb6 e6 30. Nc5 a5 1/2-1/2

[Event "Ramat Aviv 5th"]
[Site "Ramat Aviv"]
[Date "2003.01.03"]
[Round "9"]
[White "Shevelev, Danny"]
[Black "Okunev, Lev"]
[Result "0-1"]
[WhiteElo "2323"]
[BlackElo "2196"]
[PlyCount "96"]
[EventDate "2002.12.24"]
[EventType "tourn"]
[EventRounds "11"]
[EventCountry "ISR"]
[EventCategory "2"]
[SourceTitle "EXT 2004"]
[Source "ChessBase"]
[SourceDate "2003.11.25"]
[SourceVersion "1"]
[SourceVersionDate "2003.11.25"]
[SourceQuality "1"]

1. e4 d5 2. exd5 Nf6 3. c4 c6 4. Nc3 cxd5 5. cxd5 Nxd5 6. Bc4 Nb4 7. Qb3 e6 8. Nf3 Nd3+ 9. Kf1 Nc6 10. Ne4 Nxc1 11. Rxc1 Be7 12. h4 0-0 13. Rc3 Na5 14. Qc2 Nxc4 15. Rxc4 Bd7 16. Neg5 f5 17. Ne5 Bb5 18. Kg1 Qd5 19. a4 Bxc4 20. Nxc4 Rac8 21. d3 h6 22. Nf3 Rfd8 23. Qe2 Bf6 24. Rh3 Rc6 25. Nfe5 Rc7 26. Re3 Bxh4 27. Ng6 Bf6 28. Nf4 Qd7 29. Nxe6 Rxc4 30. dxc4 Qd1+ 31. Kh2 Qxe2 32. Rxe2 Re8 33. b4 Kf7 34. Nf4 Be5 35. g3 Bxf4 36. Rxe8 Bxg3+ 37. Kxg3 Kxe8 38. Kf4 g6 39. c5 Kd7 40. b5 Ke6 41. a5 g5+ 42. Ke3 Kd7 43. Kd4 Kc7 44. Ke5 f4 45. Kd5 a6 46. bxa6 bxa6 47. f3 h5 48. Ke6 g4 0-1

[Event "Ramat Aviv 5th"]
[Site "Ramat Aviv"]
[Date "2002.12.27"]
[Round "4"]
[White "Porat, Shay"]
[Black "Shevelev, Danny"]
[Result "1-0"]
[WhiteElo "2343"]
[BlackElo "2323"]
[PlyCount "101"]
[EventDate "2002.12.24"]
[EventType "tourn"]
[EventRounds "11"]
[EventCountry "ISR"]
[EventCategory "2"]
[SourceTitle "EXT 2004"]
[Source "ChessBase"]
[SourceDate "2003.11.25"]
[SourceVersion "1"]
[SourceVersionDate "2003.11.25"]
[SourceQuality "1"]

1. d4 g6 2. c4 Bg7 3. e4 d6 4. Nc3 Nc6 5. Be3 e5 6. d5 Nd4 7. Nge2 Nxe2 8. Bxe2 f5 9. exf5 Bxf5 10. c5 Bh6 11. cxd6 cxd6 12. Qa4+ Kf7 13. Qb4 Bxe3 14. fxe3 Qb6 15. Nb5 Rd8 16. Rc1 a6 17. Rc7+ Kf8 18. Qh4 Re8 19. e4 axb5 20. Rc3 Bd7 21. Rf1+ Kg7 22. Rcf3 Re7 23. Rf8 Qa5+ 24. Kd1 Qa4+ 25. Kc1 Bf5 26. Rxg8+ Kxg8 27. Qxe7 Qxe4 28. Kd2 Qxd5+ 29. Ke1 Qe6 30. Qxb7 Qd7 31. Qxd7 Bxd7 32. Rf6 Bc6 33. Rxd6 Bxg2 34. Rd7 b4 35. Kf2 Bc6 36. Rc7 Bd5 37. b3 Bf7 38. Ke3 Kg7 39. Rb7 Kf6 40. Rxb4 Rc8 41. Bc4 Bxc4 42. Rxc4 Rd8 43. a4 Rd1 44. a5 Rb1 45. Rb4 Ra1 46. Ra4 Rb1 47. Ra3 Rc1 48. a6 Rc8 49. b4 Ke6 50. b5 Kd6 51. b6 1-0

[Event "Ramat Aviv 5th"]
[Site "Ramat Aviv"]
[Date "2002.12.25"]
[Round "2"]
[White "Rodshtein, Maxim"]
[Black "Shevelev, Danny"]
[Result "1-0"]
[WhiteElo "2221"]
[BlackElo "2323"]
[PlyCount "71"]
[EventDate "2002.12.24"]
[EventType "tourn"]
[EventRounds "11"]
[EventCountry "ISR"]
[EventCategory "2"]
[SourceTitle "EXT 2004"]
[Source "ChessBase"]
[SourceDate "2003.11.25"]
[SourceVersion "1"]
[SourceVersionDate "2003.11.25"]
[SourceQuality "1"]

1. Nf3 g6 2. c4 Bg7 3. Nc3 d6 4. d4 Bg4 5. g3 Bxf3 6. exf3 Nc6 7. d5 Nd4 8. Bg2 e5 9. 0-0 Ne7 10. f4 0-0 11. fxe5 dxe5 12. c5 a5 13. Qd3 Rb8 14. Be3 b6 15. cxb6 Rxb6 16. b3 Rb4 17. Qa6 e4 18. Qxa5 Nf3+ 19. Bxf3 Bxc3 20. Rac1 exf3 21. Rxc3 Qd7 22. Bg5 Rb5 23. Qxc7 Qh3 24. Rxf3 Nxd5 25. Qc6 Nc7 26. Qxc7 Rxg5 27. Rxf7 Rh5 28. Rxf8+ Kxf8 29. Qb8+ Kg7 30. Qb7+ Kh6 31. Qg2 Qe6 32. g4 Re5 33. Qh3+ Kg7 34. Rc1 h5 35. Rc7+ Kh6 36. Qf3 1-0

[Event "Tel Aviv Spring"]
[Site "Tel Aviv"]
[Date "2002.05.29"]
[Round "11"]
[White "Shevelev, Danny"]
[Black "Lerner, Konstantin Z"]
[Result "0-1"]
[WhiteElo "2324"]
[BlackElo "2559"]
[PlyCount "24"]
[EventDate "2002.05.20"]
[EventType "tourn"]
[EventRounds "11"]
[EventCountry "ISR"]
[EventCategory "4"]
[SourceTitle "CBM 088 Extra"]
[Source "ChessBase"]
[SourceDate "2002.07.01"]
[SourceVersion "2"]
[SourceVersionDate "2002.07.01"]
[SourceQuality "1"]

1. e4 c5 2. Nf3 d6 3. d4 cxd4 4. Nxd4 Nf6 5. Nc3 Nc6 6. Be3 a6 7. Be2 e6 8. g4 h6 9. f4 e5 10. Nf5 g6 11. Nxh6 Rxh6 12. fxe5 Nxg4 0-1

[Event "Tel Aviv Spring"]
[Site "Tel Aviv"]
[Date "2002.05.25"]
[Round "7"]
[White "Rodshtein, Maxim"]
[Black "Shevelev, Danny"]
[Result "1-0"]
[WhiteElo "2177"]
[BlackElo "2324"]
[PlyCount "95"]
[EventDate "2002.05.20"]
[EventType "tourn"]
[EventRounds "11"]
[EventCountry "ISR"]
[EventCategory "4"]
[SourceTitle "CBM 088 Extra"]
[Source "ChessBase"]
[SourceDate "2002.07.01"]
[SourceVersion "2"]
[SourceVersionDate "2002.07.01"]
[SourceQuality "1"]

1. Nf3 g6 2. c4 Bg7 3. Nc3 d6 4. d4 Bg4 5. e3 Nc6 6. Be2 e5 7. d5 Nce7 8. 0-0 Bxf3 9. Bxf3 f5 10. e4 Nf6 11. exf5 Nxf5 12. Ne4 Nxe4 13. Bxe4 0-0 14. g3 Rf7 15. b3 Qe7 16. Kg2 Raf8 17. Rb1 Bf6 18. Qg4 Bg7 19. h4 Qd7 20. f3 Nd4 21. Qxd7 Rxd7 22. Bd2 Rdf7 23. Rf2 Nf5 24. g4 Nxh4+ 25. Kg3 g5 26. Bxg5 Ng6 27. Rh1 Bf6 28. Be3 Nf4 29. Rfh2 Bg5 30. Bxh7+ Kg7 31. Be4 Kf6 32. Kf2 Ke7 33. Bc1 a6 34. Ba3 Nd3+ 35. Ke2 Nc5 36. Bf5 b5 37. Rh5 Bf4 38. Bxc5 dxc5 39. Kd3 bxc4+ 40. Kxc4 Kd6 41. Be6 Rg7 42. Rh8 Rxh8 43. Rxh8 Bg5 44. Ra8 Rh7 45. Rxa6+ Ke7 46. d6+ Kxe6 47. dxc7+ Kd7 48. Ra8 1-0